000 00415nam a2200181Ia 4500
001 2804
005 20260306144834.0
008 260306t1963||||xx |||||||||||||| ||spa||
041 _aESP
082 _a230.1
_bB33
100 _aBea, Agustín
_eAUT
245 0 _aLa unión de los cristianos
260 _c1963
300 _a398 páginas :
_c20 cm.
650 _aGEN
654 _aCHU
942 _cLIB
_dJUS
_fJUS
_2ddc
_n
999 _c2804
_d2804